00490nam a22001697a 450000500170000002000260001703700130004308200060005624500200006226000320008227000400011430000290015449000470018350000530023094200200028399900170030320120124152915.0 a9781603465342c120.00 adplbPub aS aThe lost moon / aThailandbMacaw Booksc2009 a(c) plan sara Co., Ltd., bThailand a23p.bcol.illc24cm(pbk) afor EQ Development playing together940105 aMy best friends : Learn to live happily together 2ddccCHhSmLOS c61454d61454